MDQL
is popping MORE tags! Check the
thread
!
Quizzes
Events
Quiz Creation
Community
Videos
Private Events
Remove Ads
Sign In
Join for FREE
Feedback
Dark Mode
Quiz Categories
Sports
Geography
Music
Movies
Television
Just For Fun
Miscellaneous
History
Literature
Language
Science
Gaming
Entertainment
Religion
Holiday
For Kids
Quiz Lab
Recent
Popular Today
Quiz Kudos Today
Editor Picks
Curator Picks
Quizzes by...
Day
Popularity
Type
Ratings
Length
Year
Community
Subscriptions
Recent Discussions
Orange Saloon
Badges
Playlists
Quests
Create
Leaderboards
Showdown
Live 5
Trivia Bingo
Activity
Puzzle Library
Sporcle Events
Private Events
Virtual Trivia
Globe League
Become a Host
Pub Owners
SporcleCon
Opinionation
Our Games
Videos
Blog
Mobile Apps
Partnerships
Remove Ads and Go Orange
Feedback
Sports
Athletes
MLB
NBA
NHL
NFL
Soccer
Sports Teams
WWE
NCAA
Football
Premier League
Basketball
Baseball
Hockey
Golf
Tennis
Cricket
Rugby
Auto Racing
Olympics
World Cup
Sports
Athletes
MLB
NBA
NHL
NFL
Soccer
Sports Teams
WWE
NCAA
Football
Premier League
Basketball
Baseball
Hockey
Golf
Tennis
Cricket
Rugby
Auto Racing
Olympics
World Cup
Random Quiz
Search Sporcle
×
Quiz Lab
Quiz Lab
Sports
NBA
Type in answers that appear in a list
Type in answers that appear in a list
Classic
Best Score? Go Orange.
NBA Top 3 Draft Picks Per Championship Team Stats
Can you name the top three highest drafted players on each NBA championship team?
By
dlh1231
8m
120 Questions
918 Plays
918 Plays
918 Plays
Comments
Comments
Give Quiz Kudos
Give Quiz Kudos
-
- Ratings
hide this ad
More Info
Replay
Link that replays current quiz
Next Quiz
Link to next quiz in quiz playlist
You Got
0%
They Got
Avg Score
68%
Avg Friend Score
Upgrade to see
Score Distribution
Jump to the score distribution portion of the page
Score
0/120
Timer
08:00
0
Plays Today
Team
Player
% Correct
2011-
12 Miami Heat
Dwyane Wade
97.4%
2012-
13 Miami Heat
Dwyane Wade
97.4%
2011-
12 Miami Heat
LeBron James
97.2%
2012-
13 Miami Heat
LeBron James
97.2%
1999 San Antonio Spurs
Tim Duncan
96.7%
1999-
00 Los Angeles Lakers
Shaquille O'Neal
96.7%
2000-
01 Los Angeles Lakers
Shaquille O'Neal
96.7%
2001-
02 Los Angeles Lakers
Shaquille O'Neal
96.7%
2002-
03 San Antonio Spurs
Tim Duncan
96.7%
2004-
05 San Antonio Spurs
Tim Duncan
96.7%
2005-
06 Miami Heat
Shaquille O'Neal
96.7%
2006-
07 San Antonio Spurs
Tim Duncan
96.7%
1990-
91 Chicago Bulls
Michael Jordan
96.2%
1991-
92 Chicago Bulls
Michael Jordan
96.2%
1992-
93 Chicago Bulls
Michael Jordan
96.2%
1995-
96 Chicago Bulls
Michael Jordan
96.2%
1996-
97 Chicago Bulls
Michael Jordan
96.2%
1997-
98 Chicago Bulls
Michael Jordan
96.2%
1999 San Antonio Spurs
David Robinson
94.7%
2002-
03 San Antonio Spurs
David Robinson
94.7%
2004-
05 San Antonio Spurs
Glenn Robinson
94.4%
1978-
79 Seattle SuperSonics
John Johnson
94.2%
1979-
80 Los Angeles Lakers
Magic Johnson
94.2%
1981-
82 Los Angeles Lakers
Magic Johnson
94.2%
1984-
85 Los Angeles Lakers
Magic Johnson
94.2%
1986-
87 Los Angeles Lakers
Magic Johnson
94.2%
1987-
88 Los Angeles Lakers
Magic Johnson
94.2%
1988-
89 Detroit Pistons
Vinnie Johnson
94.2%
1991-
92 Chicago Bulls
Scottie Pippen
94.2%
1995-
96 Chicago Bulls
Scottie Pippen
94.2%
1996-
97 Chicago Bulls
Scottie Pippen
94.2%
1997-
98 Chicago Bulls
Scottie Pippen
94.2%
2011-
12 Miami Heat
Chris Bosh
94.2%
2012-
13 Miami Heat
Chris Bosh
94.2%
1980-
81 Boston Celtics
Larry Bird
93%
1983-
84 Boston Celtics
Larry Bird
93%
1985-
86 Boston Celtics
Larry Bird
93%
2007-
08 Boston Celtics
Ray Allen
92.8%
2012-
13 Miami Heat
Ray Allen
92.7%
1993-
94 Houston Rockets
Hakeem Olajuwon
90.5%
Team
Player
% Correct
1994-
95 Houston Rockets
Hakeem Olajuwon
90.5%
1979-
80 Los Angeles Lakers
Kareem Abdul-Jabbar
90%
1981-
82 Los Angeles Lakers
Kareem Abdul-Jabbar
90%
1984-
85 Los Angeles Lakers
Kareem Abdul-Jabbar
90%
1986-
87 Los Angeles Lakers
Kareem Abdul-Jabbar
90%
1987-
88 Los Angeles Lakers
Kareem Abdul-Jabbar
90%
2007-
08 Boston Celtics
Paul Pierce
89.2%
2008-
09 Los Angeles Lakers
Pau Gasol
89.2%
2009-
10 Los Angeles Lakers
Pau Gasol
89.2%
1988-
89 Detroit Pistons
Isiah Thomas
88.9%
1989-
90 Detroit Pistons
Isiah Thomas
88.9%
2007-
08 Boston Celtics
Kevin Garnett
88.8%
1980-
81 Boston Celtics
Kevin McHale
86.2%
1983-
84 Boston Celtics
Kevin McHale
86.2%
1985-
86 Boston Celtics
Kevin McHale
86.2%
1984-
85 Los Angeles Lakers
James Worthy
85.8%
1986-
87 Los Angeles Lakers
James Worthy
85.8%
1987-
88 Los Angeles Lakers
James Worthy
85.8%
2010-
11 Dallas Mavericks
Jason Kidd
85.6%
2003-
04 Detroit Pistons
Chauncey Billups
85.3%
2003-
04 Detroit Pistons
Rasheed Wallace
85.1%
1976-
77 Portland Trail Blazers
Bill Walton
84.9%
1985-
86 Boston Celtics
Bill Walton
84.9%
1996-
97 Chicago Bulls
Robert Parish
82.4%
1982-
83 Philadelphia 76ers
Julius Erving
77.3%
2000-
01 Los Angeles Lakers
Horace Grant
77.2%
2008-
09 Los Angeles Lakers
Andrew Bynum
73.1%
1993-
94 Houston Rockets
Kenny Smith
70.4%
1994-
95 Houston Rockets
Kenny Smith
70.4%
1994-
95 Houston Rockets
Robert Horry
66.7%
2004-
05 San Antonio Spurs
Robert Horry
66.7%
2006-
07 San Antonio Spurs
Robert Horry
66.7%
2010-
11 Dallas Mavericks
Tyson Chandler
65.7%
2012-
13 Miami Heat
Mike Miller
65.1%
2011-
12 Miami Heat
Mike Miller
63.9%
2008-
09 Los Angeles Lakers
Lamar Odom
62.1%
2009-
10 Los Angeles Lakers
Lamar Odom
62.1%
1977-
78 Washington Bullets
Wes Unseld
59.9%
1982-
83 Philadelphia 76ers
Bobby Jones
59.5%
2005-
06 Miami Heat
Gary Payton
59%
Team
Player
% Correct
1995-
96 Chicago Bulls
Ron Harper
57.8%
1996-
97 Chicago Bulls
Ron Harper
57.8%
1997-
98 Chicago Bulls
Ron Harper
57.8%
1999-
00 Los Angeles Lakers
Ron Harper
57.8%
2000-
01 Los Angeles Lakers
Ron Harper
57.8%
2011-
12 Miami Heat
Juwan Howard
53.4%
1977-
78 Washington Bullets
Elvin Hayes
53.3%
1990-
91 Chicago Bulls
Bill Cartwright
51.3%
1991-
92 Chicago Bulls
Bill Cartwright
51.3%
1992-
93 Chicago Bulls
Bill Cartwright
51.3%
2003-
04 Detroit Pistons
Darko Milicic
51.2%
1999-
00 Los Angeles Lakers
Glen Rice
49.2%
1999 San Antonio Spurs
Sean Elliott
45.4%
1988-
89 Detroit Pistons
Mark Aguirre
44.6%
1989-
90 Detroit Pistons
Mark Aguirre
44.6%
2005-
06 Miami Heat
Alonzo Mourning
41.8%
1976-
77 Portland Trail Blazers
Wally Walker
41.2%
1978-
79 Seattle SuperSonics
Wally Walker
41.2%
1978-
79 Seattle SuperSonics
Fred Brown
39%
1986-
87 Los Angeles Lakers
Mychal Thompson
36.3%
1987-
88 Los Angeles Lakers
Mychal Thompson
36.3%
1993-
94 Houston Rockets
Otis Thorpe
35.7%
1981-
82 Los Angeles Lakers
Bob McAdoo
31%
1982-
83 Philadelphia 76ers
Andrew Toney
26.6%
2001-
02 Los Angeles Lakers
Mitch Richmond
18.4%
2006-
07 San Antonio Spurs
Brent Barry
17.2%
2009-
10 Los Angeles Lakers
Adam Morrison
14.4%
2001-
02 Los Angeles Lakers
Lindsey Hunter
8.6%
1983-
84 Boston Celtics
Scott Wedman
6.4%
1985-
86 Boston Celtics
Scott Wedman
6.4%
1990-
91 Chicago Bulls
Dennis Hopson
5.6%
2002-
03 San Antonio Spurs
Danny Ferry
5.4%
1979-
80 Los Angeles Lakers
Butch Lee
4.7%
1981-
82 Los Angeles Lakers
Jim Brewer
4.7%
2010-
11 Dallas Mavericks
Corey Brewer
4.7%
1992-
93 Chicago Bulls
Rodney McCray
4.1%
1977-
78 Washington Bullets
Greg Ballard
3.4%
1980-
81 Boston Celtics
Rick Robey
2.2%
1989-
90 Detroit Pistons
William Bedford
1.6%
1976-
77 Portland Trail Blazers
Corky Calhoun
0.9%
Quiz Playlist
Details
Report
Send in Message
Add To Playlist
More Info:
** Minimum of one playoff games played in championship season **
Classic:
Type in answers that appear in a list
Quiz Source
Last Updated: Feb 16, 2017
Quiz Scoreboard
CHALLENGE
Sign Up to Join the Scoreboard
Show All
Scores
Hide
Comments
May contain spoilers
Recently Published
Famous 'C' Women
by xyz_
Entertainment
6m
Holiday 10x10 Sorting Gallery
by lukepisani3
Holiday
15m
Two Season TV Shows II
by 123Four
Television
10m
More to Explore
Quiz From the Vault
Featured Blog Post
14 Easter Pick-up Lines to Find Eggs With
hide this ad
You Might Also Like...
Tags
Basketball Quiz
NBA Quiz
Draft
highest
Player
team
three
Today's Top Quizzes in Sports
Browse Sports
hide this ad
Today's Top Quizzes in NBA
Browse NBA
Top Contributed Quizzes in Sports
1
Les meilleurs buteurs des matchs entre le PSG et l’OM
2
Les entraîneurs de l'OM et du PSG au 21e siècle
3
2022 World Cup Stars
4
Players with Multiple 50 Home Run Seasons
5
Les joueurs passés par le PSG et l'OM
6
FIFA Club World Cup Champions
7
Top 10 NHL Goal Scorers of All Time
8
Criteria MLB: Left Handed Sluggers
9
Les joueurs passés par le LOSC et le RC Lens
10
2023 MLB Unique Player Accomplishments
Explore More
Trending Topics
Anime
NBA
Marvel
Disney
Crossword
Harry Potter
Kpop
Country
Pokémon
The Office
Puzzle
WWE
NFL
Song
Soccer
hide this ad
More By:
dlh1231
Quiz
Plays
Rating
Category
Featured
Created
Most Well-Known Countries By Continent
431,837
4.62
Geography
May 1, 2010
NBA Scorers by Draft Pick
226,509
4.37
Sports
Jun 23, 2010
NBA 25 PPG After 10 Seasons
195,044
4.46
Sports
Dec 28, 2010
NBA Top 5 Scorers by Seasons Played
144,171
4.82
Sports
Apr 10, 2013
First NBA 50 Point Game by Season
116,266
4.66
Sports
Jan 29, 2014
Go to Creator's Profile
Score Distribution
Quiz Creator Spotlight
dlh1231
Follow
Send a Message
Quizzes Created
-
Created Quiz Play Count
-
More By This Creator
Popular Quizzes Today
1
Find the US States - No Outlines Minefield
2
Colored Red Africa Blitz
3
Find the 'City' Movie
4
The Countries of the World
5
Find the US States
6
5x2 Blitz: Bands
7
Find the Countries of Europe - No Outlines Minefield
8
US States
More Sports Quizzes
Every Rushing TD in 2015 NFL Season
Published
Trending Quizzes
Colored Red Europe Blitz I
Colored Red Europe Blitz II
Colored Red Africa Blitz II
Colored Red Africa Blitz III
Colored Red Europe Blitz III
Recently Updated
Odd Team Out - Big 4 Players
pecheneg
Quick Pick: 20 Twenties
pecheneg
March Madness Men's Triple Doubles
pecheneg
How Do You Spell That?
pecheneg
Godzilla Movies
pecheneg
Grab Bag: 4-10 Letters
pecheneg
2024 March Madness Bracket
pecheneg
Famous TV Couples
Peacemaker
Champions League XIs: Real Madrid
pecheneg
Largest US Cities 1790-2010
pecheneg
Trending Topics
NBA
Anime
Crossword
Marvel
Kpop
Harry Potter
Disney
Pokémon
Puzzle
NFL
Country
Song
Soccer
The Office
WWE
Your Account Isn't Verified!
In order to create a playlist on Sporcle, you need to verify the email address you used during registration. Go to your
Sporcle Settings
to finish the process.
Report this User
Report this user for behavior that violates our
Community Guidelines
.
Details:
Send Report
Go to the Sporcle.com Mobile Site →
Comments